00989naa a22002657a 4500001001000000003000900010005001700019007000300036008003400039040005400073041000900127072002600136100001900162100001600181100001900197100002100216111009300237245005900330260004200389500012500431650000900556650002700565650000900592773012200601BR7806551BR-BrBNA20240918174232.0ta230509b bl.||||| |||| 00| 0 por d aBR-BrBNAbporcBiblioteca Nacional de Agricultura a(Pt) aF25b2120b3530b38301 aMoraes, F.R.P.1 aGallo, J.R.1 aHeinrich, W.O.1 aCervellini, G.S.1 a6. Congresso Brasileiro de Pesquisas CafeeirascRibeirao Preto, SP (Brazil)d24 Oct 19781 aFontes e doses de fosforo na adubacao de mudas de cafe3 aRio de Janeiro, RJ (Brasil): c1978.  aResumos do 6. Congresso Brasileiro de Pesquisas Cafeeiras Rio de Janeiro, RJ (Brasil): 1978. p. 72-75 (BR7806551-AM)F25  aCAFE aFERTILIZANTE FOSFATADO aMUDA0 tResumos do 6. Congresso Brasileiro de Pesquisas CafeeiraswF25 BR7806551gRio de Janeiro, RJ (Brasil), 1978. p. 72-75